Una inscripción funeraria de Tarraco del Bajo Imperio
Saved in:
| Main Author: | |
|---|---|
| Format: | Chapter/Article |
| Language: | Spanish |
| Published: |
1992
|
| In: |
Miscel.lània arqueològica
Year: 1992, Pages: 13-17 |
| Online Access: |
|
| Author Notes: | Géza Alföldy |
MARC
| LEADER | 00000caa a22000002c 4500 | ||
|---|---|---|---|
| 001 | 1878357921 | ||
| 003 | DE-627 | ||
| 005 | 20240311170046.0 | ||
| 007 | tu | ||
| 008 | 240117s1992 xx ||||| 00| ||spa c | ||
| 035 | |a (DE-627)1878357921 | ||
| 035 | |a (DE-599)KXP1878357921 | ||
| 035 | |a (OCoLC)1425898039 | ||
| 040 | |a DE-627 |b ger |c DE-627 |e rda | ||
| 041 | |a spa | ||
| 084 | |a 63 |2 sdnb | ||
| 100 | 1 | |a Alföldy, Géza |d 1935-2011 |e VerfasserIn |0 (DE-588)119345110 |0 (DE-627)080153917 |0 (DE-576)160052858 |4 aut | |
| 245 | 1 | 4 | |a Una inscripción funeraria de Tarraco del Bajo Imperio |c Géza Alföldy |
| 264 | 1 | |c 1992 | |
| 300 | |a 5 | ||
| 336 | |a Text |b txt |2 rdacontent | ||
| 337 | |a ohne Hilfsmittel zu benutzen |b n |2 rdamedia | ||
| 338 | |a Band |b nc |2 rdacarrier | ||
| 773 | 0 | 8 | |i Enthalten in |t Miscel.lània arqueològica |d Tarragona : Estarraco [u.a.], 1992 |g (1992), Seite 13-17 |h 189 S. |w (DE-627)578525232 |w (DE-576)031854397 |z 8486542537 |7 nnam |a Una inscripción funeraria de Tarraco del Bajo Imperio |
| 773 | 1 | 8 | |g year:1992 |g pages:13-17 |g extent:5 |a Una inscripción funeraria de Tarraco del Bajo Imperio |
| 951 | |a AR | ||
| 992 | |a 20240117 | ||
| 993 | |a BookComponentPart | ||
| 994 | |a 1992 | ||
| 998 | |g 119345110 |a Alföldy, Géza |m 119345110:Alföldy, Géza |d 70000 |d 71700 |d 71730 |e 70000PA119345110 |e 71700PA119345110 |e 71730PA119345110 |k 0/70000/ |k 1/70000/71700/ |k 2/70000/71700/71730/ | ||
| 999 | |a KXP-PPN1878357921 |e 4460062097 | ||
| BIB | |a Y | ||
| JSO | |a {"origin":[{"dateIssuedDisp":"1992","dateIssuedKey":"1992"}],"title":[{"title_sort":"inscripción funeraria de Tarraco del Bajo Imperio","title":"Una inscripción funeraria de Tarraco del Bajo Imperio"}],"relHost":[{"disp":"Una inscripción funeraria de Tarraco del Bajo ImperioMiscel.lània arqueològica","origin":[{"publisher":"Estarraco [u.a.]","publisherPlace":"Tarragona","dateIssuedDisp":"1992","dateIssuedKey":"1992"}],"title":[{"subtitle":"a Josep M. Recasens","title":"Miscel.lània arqueològica","title_sort":"Miscel.lània arqueològica"}],"id":{"isbn":["8486542537"],"eki":["578525232"]},"person":[{"given":"Xavier","display":"Dupré i Raventós, Xavier","family":"Dupré i Raventós","role":"edt"},{"role":"hnr","family":"Recasens","given":"Josep M.","display":"Recasens, Josep M."},{"display":"Recasens i Comes, Josep Maria","given":"Josep Maria","role":"hnr","family":"Recasens i Comes"}],"recId":"578525232","name":{"displayForm":["Estarraco, Societat Estatal d'Estiba i Desestiba ... [Coordinació cientifica Xavier Dupré i Raventós]"]},"type":{"bibl":"edited-book"},"part":{"year":"1992","text":"(1992), Seite 13-17","pages":"13-17","extent":"5"},"corporate":[{"display":"Estarraco, Societat Estatal d'Estiba i Desestiba","role":"oth"}],"note":["Festschrift Josep M. Recasens"],"language":["cat"],"physDesc":[{"extent":"189 S.","noteIll":"Ill., graph. Darst."}]}],"recId":"1878357921","person":[{"display":"Alföldy, Géza","given":"Géza","role":"aut","family":"Alföldy"}],"language":["spa"],"id":{"eki":["1878357921"]},"physDesc":[{"extent":"5 S."}],"name":{"displayForm":["Géza Alföldy"]},"type":{"bibl":"chapter"}} | ||
| SRT | |a ALFOELDYGEINSCRIPCIO1992 | ||